| 000 | 01201cam a22003135i 4500 | ||
|---|---|---|---|
| 999 |
_c28522 _d28493 |
||
| 001 | 016627986 | ||
| 003 | EG-ScBUE | ||
| 005 | 20200719164843.0 | ||
| 008 | 140210s2014 enk f 000 0 eng d | ||
| 020 | _a9781107634619 (Student' book with online workbook) | ||
| 040 |
_aStDuBDS _beng _erda _cStDuBDS _dUk _dEG-ScBUE |
||
| 082 | 0 | 4 |
_a428.34 _bLAN _222 |
| 100 | 1 |
_aLansford, Lewis, _eauthor. _98344 |
|
| 245 | 1 | 0 |
_aUnlock. _pListening & speaking skills. _n4, _pStudent's book and online workbook / _cLewis Lansford. |
| 264 | 1 |
_aCambridge : _bCambridge University Press, _c2014. |
|
| 300 |
_a223 pages ; _c27 cm. |
||
| 336 |
_atext _btxt _2rdacontent |
||
| 337 |
_aunmediated _bn _2rdamedia |
||
| 338 |
_avolume _bnc _2rdacarrier |
||
| 490 | 0 | _aCambridge discovery education skills | |
| 500 | _aIncludes Internet access (Online work book) | ||
| 521 | _aB2 | ||
| 650 | 7 |
_aEnglish language _vTextbooks for foreign speakers. _2BUEsh |
|
| 650 | 7 |
_aEnglish language _xSpoken English _vTextbooks for foreign speakers. _2BUEsh |
|
| 650 | 7 |
_aEnglish language _xStudy and teaching _xForeign speakers _xAudio-visual aids. _2BUEsh |
|
| 653 |
_bHHUUEENN _cJuly2020 |
||
| 655 |
_vReading book _934232 |
||
| 942 |
_2ddc _cBB |
||